000 00636nam a22002417a 4500
003 UA-OsUOA
001 24553
007 ta
008 20040220b un ||||| |||| 00| 0 ukr d
090 _a330.101.52
_bЭ40
942 _cBK
040 _aUA-OsUOA
_bukr
_cUA-OsUOA
_dUA-OsUOA
245 _aЭкономическая статистика: методическая разработка
_cСост. В.С.Федорченко
300 _a88 с.
955 _a0
041 _aukr
080 _a330.101.52
020 _a966-608-000-1
260 _aКиев
_bМАУП
_c1999
044 _aRU
650 7 _2UDC
999 _c310831
_d310831